| 000 | 01260nam a2200361 i 4500 | ||
|---|---|---|---|
| 001 | 7771 | ||
| 003 | ES-MaACL | ||
| 005 | 20250817062544.0 | ||
| 007 | t| | ||
| 008 | 910502s1985 sp ||||1| spa d | ||
| 020 | _a84-7075-324-0 | ||
| 020 | _a84-279-8021-3 | ||
| 080 | _a91(467.31) | ||
| 080 | _a9(467.31) | ||
| 080 | _a7(467.31-81) | ||
| 245 | 0 | 0 | _aValencia. |
| 250 | _a1a ed. | ||
| 260 |
_aMadrid : _bFundación Juan March ; _aBarcelona : _bNoguer, _c1985. |
||
| 300 |
_a451 p. : _bil. ; _c30 cm. |
||
| 490 | 1 | _aTierras de España | |
| 505 | 8 | _aIntroduccion geografica / Antonio Lopez Gomez. Introduccion historica / Antonio Ubieto Arteta. Introduccion literaria / Juan Oleza Simo. Arte / Alfonso E. Perez Sanchez | |
| 650 | 1 | 4 |
_aLiteratura española- _zValencia- _xHistoria y crítica. _914576 |
| 650 | 1 | 4 |
_aArte- _zValencia. _910144 |
| 651 | 4 |
_aValencia- _xDescripción. _99497 |
|
| 700 | 1 |
_aLópez Gómez, Antonio. _973672 |
|
| 700 | 1 |
_aUbieto Arteta, Antonio. _9111843 |
|
| 700 | 1 |
_aOleza Simo, Juan. _986709 |
|
| 700 | 1 |
_aPérez Sánchez, Alfonso E., _d1935-2010 _9240883 |
|
| 710 | 2 |
_aFundación Juan March _94346 |
|
| 830 | 0 |
_aTierras de España _9177948 |
|
| 852 |
_aES-MaACL _jC-10424 _bR.119238 _z. - tela |
||
| 999 |
_c7771 _d7771 |
||